000 00390nam a2200169Ia 4500
003 OSt
005 20240424102532.0
008 170619s9999 xx 000 0 und d
020 _a978-9327246087
040 _cIIMT ENGINEERING COLLEGE
100 _aJain- S. P.
245 0 _aCost accounting
260 _bKalyani Publication
260 _c2003
546 _aENGLISH
942 _2ddc
_c02
999 _c21865
_d21865